Conexiones sismoresistentes en marco de prefabricados de concreto
Presenta documento con las conexiones sismoresistentes en marco de prefabricados de concreto en el cual se describen los ensayos y procedimientos constructivos de las conexiones sismoresistentes utilizadas en el marco de concreto resistente a momento.
| Main Authors: | , |
|---|---|
| Other Authors: | |
| Format: | Tesis Section = Libro |
| Language: | Undetermined Spanish |
| Published: |
Managua
UNI
2014
|
| Subjects: |
| LEADER | 01181nam a2200289Ia 4500 | ||
|---|---|---|---|
| 008 | 240830s9999 xx 000 0 und d | ||
| 040 | |a BIBLIOTECA-RUPAP Mon 693.852 M539 | ||
| 041 | |a spa | ||
| 082 | |a Mon 693.852 M539 | ||
| 100 | 1 | |a Mendoza Delgado, Humberto José | |
| 100 | 1 | |b García Molina, José Alfred | |
| 245 | 1 | 0 | |a Conexiones sismoresistentes en marco de prefabricados de concreto |
| 260 | |a Managua |b UNI |c 2014 | ||
| 300 | |a 234 p. :il. | ||
| 500 | |a Contiene: anexos. | ||
| 502 | |a Tesis (Ingeniero Civil)- UNI, 2014. | ||
| 520 | 3 | |a Presenta documento con las conexiones sismoresistentes en marco de prefabricados de concreto en el cual se describen los ensayos y procedimientos constructivos de las conexiones sismoresistentes utilizadas en el marco de concreto resistente a momento. | |
| 650 | 7 | |a CONSTRUCCIONES PREFABIRICADAS - NICARAGUA | |
| 650 | 7 | |b CONSTRUCCIONES ANTISISMICAS | |
| 650 | 7 | |c SISMOS RESISTENTES | |
| 650 | 7 | |d MARCOS PREFABRICADOS DE CONCRETO | |
| 650 | 7 | |e ESTRUCTURA PREFABRICADAS DE CONCRETO | |
| 650 | 7 | |f CONEXION HIBRIDA POSTENSADA | |
| 700 | 1 | |a Tutor: |b Maltez Montiel, Julio Cesar | |
| 942 | |c BK |2 ddc | ||
| 991 | |a TESIS | ||
| 999 | |c 17936 | ||